1563 1946 1193 1411 1326 1563 1281 1242 1454 1374 1869 1223 1683 1528 1370 1109 1437 1942 1526 1921 1884 1332 1405 1878 1166 1690 1943 1420 1662 1785 1167 1965 1950 1234 1258 1326 1639 1306 1232 1904 1435 1434 1507 1002 1803 1200 1681 1575 1070 1104 1965 1470 1089 1649 1960 1720 1146 1772 1008 1823 1561 1783 1189 1872 1166 1588 1408 1736 1834 1819 1937 1187 1693 1738 1734 1513 1584 1537 1653 1032 1385 1951 1679 1290 1070 1306 1647 1089 1453 1040 1388 1481 1849 1746 1426 1320 1399 1605 1957 BCNSPRNW ULIB Ver.6.0+V

เปลี่ยนเป็นภาษาไทย

Change to English
 แสดงรายละเอียดบรรณานุกรม
  กลับหน้าหลัก

Brief Record : Get Marc (ISO 2709) : E-mail record : QR code < ปิดหน้าต่าง
LEADER : 00000nam 2200000uu 4500
001    13399122419
003     ULIB
008    020711s2543 th a 000 0 tha d
020    9789748593678
020    9748593673
099    นว.^bว667อ
100    วิมล ไทรนิ่มนวล
110    สยามประเทศ
245    อมตะ/^cวิมล ไทรนิ่มนวล
250    พิมพ์ครั้งที่ 2
260    กรุงเทพฯ :^bสยามประเทศ,^c2543
300    222 หน้า
945    ^p120^l0^i012935
รายการนี้ยังไม่มีแท็ก
คุณยังไม่ได้ล็อกอิน คุณสามารถมีกิจกรรมร่วมกับเว็บไซต์ได้ แต่ต้องล็อกอินก่อน ::
  ล็อกอิน

รายการสื่อสารสนเทศ

ลำดับที่ ประเภท เลขเรียก/บาร์โค้ด สถานที่ สถานะ
1. นวนิยาย
นวนิยาย
นว. ว667อ ฉ.1 
  Barcode: 012935
ห้องสมุดวิทยาเขตสวรรค์ประชารักษ์
►นวนิยาย
บนชั้น
  ขอยืม

รายการใกล้เคียง
    ผู้แต่ง [วิมล ไทรนิ่มนวล]

BibComment


ยังไม่เคยถูกคอมเมนท์

คอมเมนท์ทรัพยากรรายการนี้
  คอมเมนท์: อมตะ วิมล ไทรนิ่ม..


 Copyright 2026. Bcnsprnw @Library